1558 1447 1568 1054 1580 1922 1541 1612 1492 1550 1975 1421 1829 1698 1192 1766 1390 1716 1428 1688 1977 1338 1367 1444 1220 1814 1064 1636 1195 1373 1506 1139 1351 1856 1624 1788 1151 1119 1076 1378 1557 1490 1427 1515 1460 1010 1026 1863 1004 1157 1261 1229 1071 1932 1912 1444 1502 1089 1060 1552 1492 1487 1713 1898 1068 1346 1000 1742 1924 1220 1984 1303 1598 1414 1998 1178 1528 1008 1015 1959 1961 1413 1880 1033 1830 1639 1918 1298 1335 1173 1679 1822 1016 1448 1736 1116 1711 1658 1685 BCNSPRNW ULIB Ver.6.0+V

เปลี่ยนเป็นภาษาไทย

Change to English
 แสดงรายละเอียดบรรณานุกรม
  กลับหน้าหลัก

Brief Record : Get Marc (ISO 2709) : E-mail record : QR code < ปิดหน้าต่าง
LEADER : 00000nam 2200000uu 4500
001    13399111916
003     ULIB
008    110627s2553||||th 000 0 tha d
020    9786160600878
090    นว.^bว859ค 2553
100 0  วีสาม
245 00 ความรู้สึกดีที่เรียกว่ารัก : เรื่องรักระหว่างใจ/^cวีสาม
250    พิมพ์ครั้งที่ 2
260    กรุงเทพฯ :^bแจ่มใส,^c2553
300    281 หน้า
710 1  แจ่มใส
945    ^p199^l0^i028068
995    ทศพร
999 ^a ใช้งานได้ทุกระบบ
รายการนี้ยังไม่มีแท็ก
คุณยังไม่ได้ล็อกอิน คุณสามารถมีกิจกรรมร่วมกับเว็บไซต์ได้ แต่ต้องล็อกอินก่อน ::
  ล็อกอิน

รายการสื่อสารสนเทศ

ลำดับที่ ประเภท เลขเรียก/บาร์โค้ด สถานที่ สถานะ
- ไม่พบข้อมูล -

รายการใกล้เคียง
    ผู้แต่ง [วีสาม]

BibComment


ยังไม่เคยถูกคอมเมนท์

คอมเมนท์ทรัพยากรรายการนี้
  คอมเมนท์: ความรู้สึกดีที่เร..


 Copyright 2026. Bcnsprnw @Library